Convención Americana sobre Derechos Humanos : comentario /
Guardado en:
| Otros Autores: | , |
|---|---|
| Formato: | Libro |
| Idioma: | Spanish |
| Publicado: |
Buenos Aires :
Eudeba,
2014.
|
| Materias: | |
| Etiquetas: |
Agregar Etiqueta
Sin Etiquetas, Sea el primero en etiquetar este registro!
|
| LEADER | 00519nam a22001575a 4500 | ||
|---|---|---|---|
| 001 | DER.der012851 | ||
| 008 | 180615s2014####ag#||||||||||||||#||spa|| | ||
| 005 | 20250520125952.0 | ||
| 245 | 1 | 0 | |a Convención Americana sobre Derechos Humanos : |b comentario / |c Christian Steiner y Patricia Uribe. |
| 260 | |a Buenos Aires : |b Eudeba, |c 2014. | ||
| 300 | |a 1040 p. | ||
| 020 | |a 9789502323985 | ||
| 700 | 1 | |a Steiner, Christian, |e ed. | |
| 700 | 1 | |a Uribe, Patricia, |e ed. | |
| 650 | 7 | |a DERECHOS HUMANOS | |
| 859 | |a DERECHO |b BIB. DERECHO |h 340.1 |i STE |p 007669 | ||
